[Event "ICS rated blitz match"]
[Site "204.178.125.65"]
[Date "2001.01.29"]
[Round "?"]
[White "Hossa"]
[Black "Heian"]
[Result "0-1"]
[WhiteElo "2562"]
[BlackElo "1921"]
[PlyCount "50"]
[EventDate "2001.??.??"]

1. e4 e5 2. Nf3 Nc6 3. Bc4 Bc5 4. c3 d6 5. d4 exd4 6. cxd4 Bb6 7. O-O Bg4 8. h3
h5 9. hxg4 hxg4 10. Ng5 Nh6 11. Qa4 Kf8 12. Bxf7 Qf6 13. Bc4 Nxd4 14. Be3 Nhf5
15. exf5 Nf3+ 16. gxf3 Bxe3 17. Ne6+ Ke7 18. Nxc7 Rh1+ 19. Kg2 Rh2+ 20. Kg1 Qh4
21. f6+ gxf6 22. Nd5+ Kf8 23. Qe8+ Rxe8 24. Nxe3 Rh1+ 25. Kg2 Qh2# {
Hossa checkmated} 0-1

[Event "ICS rated blitz match"]
[Site "204.178.125.65"]
[Date "2001.01.29"]
[Round "?"]
[White "krahs2"]
[Black "Hossa"]
[Result "0-1"]
[WhiteElo "2086"]
[BlackElo "2531"]
[PlyCount "55"]
[EventDate "2001.??.??"]

1. Nf3 d5 2. g3 c5 3. Bg2 Nc6 4. d4 cxd4 5. Nxd4 e5 6. Nxc6 bxc6 7. c4 Nf6 8.
O-O Bc5 9. Nc3 Bb7 10. Bg5 dxc4 11. Qa4 O-O 12. Rad1 Qe7 13. Bxc6 Bxc6 14. Qxc6
Rac8 15. Bxf6 Rxc6 16. Bxe7 Bxe7 17. Rd7 Bc5 18. Rfd1 Bd4 19. Na4 Ra6 20. b3
cxb3 21. axb3 Rc6 22. e3 Bb6 23. R1d5 Re6 24. Rb5 Rb8 25. Nc5 Rc6 26. Na4 Rc7
27. Rxc7 Bxc7 28. Kf1 {krahs2 resigns} 0-1

[Event "ICS rated blitz match"]
[Site "204.178.125.65"]
[Date "2001.01.29"]
[Round "?"]
[White "Hossa"]
[Black "krahs2"]
[Result "1-0"]
[WhiteElo "2533"]
[BlackElo "2082"]
[PlyCount "55"]
[EventDate "2001.??.??"]

1. e4 e5 2. Nf3 Nc6 3. Bb5 Bc5 4. d3 Nf6 5. O-O O-O 6. Bxc6 bxc6 7. Nxe5 d5 8.
d4 Bd6 9. Nxc6 Qe8 10. e5 Qxc6 11. exf6 Re8 12. fxg7 Ba6 13. Re1 Rxe1+ 14. Qxe1
Re8 15. Be3 Bf4 16. Qd2 Qh6 17. Bxf4 Qxf4 18. g3 Qf3 19. Nc3 Bc8 20. Re1 Rxe1+
21. Qxe1 Bh3 22. Qe8+ Kxg7 23. Qe5+ Kg8 24. Qg5+ Kh8 25. Qxd5 Qg4 26. Qxf7 Qc8
27. Qf6+ Kg8 28. Nd5 {krahs2 resigns} 1-0

[Event "ICS rated standard match"]
[Site "204.178.125.65"]
[Date "2001.01.29"]
[Round "?"]
[White "Hossa"]
[Black "Colossus"]
[Result "0-1"]
[WhiteElo "2329"]
[BlackElo "2583"]
[PlyCount "142"]
[EventDate "2001.??.??"]

1. d4 Nf6 2. c4 g6 3. Nc3 d5 4. cxd5 Nxd5 5. e4 Nxc3 6. bxc3 Bg7 7. Bc4 O-O 8.
Ne2 Nc6 9. O-O b6 10. Be3 Bb7 11. Qd2 Na5 12. Bd3 c5 13. Bh6 cxd4 14. Bxg7 Kxg7
15. cxd4 e6 16. Rfc1 Qd7 17. Qg5 Rac8 18. Rxc8 Rxc8 19. Rc1 Rxc1+ 20. Qxc1 Qa4
21. a3 Nc6 22. Qa1 Kg8 23. h4 Nb4 24. Nc3 Qa5 25. Bb1 Nc6 26. d5 Nd8 27. Qb2
exd5 28. exd5 Bxd5 29. Bd3 Bc6 30. Qc1 Qe5 31. Be2 Kg7 32. h5 gxh5 33. Ba6 Ne6
34. Na2 Ba8 35. Bf1 h4 36. Qc8 Be4 37. Nc3 Qc5 38. Qxc5 Nxc5 39. Nb5 a6 40. Nc7
b5 41. Be2 Kf8 42. Bg4 f5 43. Bh3 Ke7 44. f3 Bc6 45. Bxf5 Kd6 46. Nxa6 Nxa6 47.
Bxh7 Nc5 48. Kh2 Bd7 49. g3 hxg3+ 50. Kxg3 Kd5 51. f4 Ne4+ 52. Bxe4+ Kxe4 53.
Kf2 Bg4 54. f5 Bxf5 55. Kg3 Kd4 56. Kf4 Bb1 57. Kg4 Kc4 58. Kg5 Kb3 59. Kf6
Kxa3 60. Kg5 b4 61. Kh5 b3 62. Kg5 Bd3 63. Kf6 b2 64. Ke5 Kb4 65. Kd4 b1=Q 66.
Ke5 Bf5 67. Kf4 Qe4+ 68. Kg3 Qe3+ 69. Kg2 Bh3+ 70. Kh2 Qf3 71. Kg1 Qg2# {
Hossa checkmated} 0-1

[Event "ICS rated blitz match"]
[Site "204.178.125.65"]
[Date "2001.01.29"]
[Round "?"]
[White "Heian"]
[Black "Hossa"]
[Result "0-1"]
[WhiteElo "1952"]
[BlackElo "2535"]
[PlyCount "40"]
[EventDate "2001.??.??"]

1. e4 e5 2. Nf3 Nc6 3. Bc4 Bc5 4. O-O Nf6 5. d4 exd4 6. e5 Ng4 7. Bxf7+ Kxf7 8.
Ng5+ Kg8 9. Qxg4 Nxe5 10. Qe4 d6 11. Qd5+ Kf8 12. f4 d3+ 13. Kh1 Qf6 14. Nd2
Ng4 15. Nde4 Qf5 16. Qxd3 Bb6 17. h3 h6 18. Nxd6 Qxd3 19. cxd3 cxd6 20. hxg4
hxg5# {Heian checkmated} 0-1

[Event "ICS rated blitz match"]
[Site "204.178.125.65"]
[Date "2001.01.29"]
[Round "?"]
[White "Hossa"]
[Black "Heian"]
[Result "1-0"]
[WhiteElo "2536"]
[BlackElo "1951"]
[PlyCount "37"]
[EventDate "2001.??.??"]

1. e4 e5 2. Nf3 Nc6 3. Bb5 a6 4. Ba4 b5 5. Bb3 Bc5 6. Nxe5 Nxe5 7. d4 Nc6 8.
dxc5 Nge7 9. O-O O-O 10. Bg5 h6 11. Be3 Ng6 12. Qh5 Qf6 13. Nc3 Nf4 14. Bxf4
Qxf4 15. Nd5 Qxe4 16. Rae1 Qh7 17. Nxc7 Rb8 18. Qxf7+ Rxf7 19. Re8# {
Heian checkmated} 1-0

[Event "ICS rated blitz match"]
[Site "204.178.125.65"]
[Date "2001.01.29"]
[Round "?"]
[White "Heian"]
[Black "Hossa"]
[Result "0-1"]
[WhiteElo "1950"]
[BlackElo "2537"]
[PlyCount "20"]
[EventDate "2001.??.??"]

1. e4 e5 2. Nf3 Nc6 3. Bc4 Bc5 4. O-O Nf6 5. d4 exd4 6. e5 Ng4 7. Bxf7+ Kxf7 8.
Ng5+ Kg8 9. Qe2 Ncxe5 10. f4 d3+ {Heian resigns} 0-1

[Event "ICS rated standard match"]
[Site "204.178.125.65"]
[Date "2001.01.29"]
[Round "?"]
[White "Hossa"]
[Black "Colossus"]
[Result "0-1"]
[WhiteElo "2323"]
[BlackElo "2600"]
[PlyCount "126"]
[EventDate "2001.??.??"]

1. e4 e5 2. Nf3 Nf6 3. d4 Nxe4 4. dxe5 d5 5. exd6 Bxd6 6. Bd3 Nc5 7. O-O O-O 8.
Be2 Qe7 9. Re1 Be6 10. Be3 Nc6 11. Nc3 Rad8 12. Qc1 a6 13. a3 Bf5 14. Bxc5 Bxc5
15. Qf4 Qd7 16. Ne4 Bxe4 17. Qxe4 Rfe8 18. Qh4 Nd4 19. Nxd4 Qxd4 20. Qxd4 Bxd4
21. c3 Bc5 22. Bc4 Rxe1+ 23. Rxe1 Rd2 24. Re8+ Bf8 25. b4 Rc2 26. Re3 Rc1+ 27.
Bf1 c5 28. bxc5 Ra1 29. c4 g6 30. Re8 Rxa3 31. Rc8 a5 32. g3 a4 33. c6 bxc6 34.
Rxc6 Rc3 35. Ra6 a3 36. Ra8 Kg7 37. g4 Rc2 38. Bd3 Rd2 39. Be4 Bc5 40. Kg2 a2
41. Kf3 Rxf2+ 42. Kg3 Rb2 43. Bd3 Rb3 44. Rxa2 Rxd3+ 45. Kg2 Rd4 46. Rc2 Rxg4+
47. Kf3 f5 48. h3 Rd4 49. Kg2 Rd3 50. Rc1 f4 51. Kh2 Rd2+ 52. Kh1 Kf6 53. Rc3
Rd1+ 54. Kg2 Kf5 55. Kh2 Ke4 56. Rc2 f3 57. Kg3 Rg1+ 58. Kh2 f2 59. Rxf2 Bxf2
60. c5 Kf3 61. c6 Rc1 62. h4 Bg3+ 63. Kh3 Rh1# {Hossa checkmated} 0-1

[Event "ICS rated blitz match"]
[Site "204.178.125.65"]
[Date "2001.01.29"]
[Round "?"]
[White "PostModernist"]
[Black "Hossa"]
[Result "1-0"]
[WhiteElo "2632"]
[BlackElo "2539"]
[PlyCount "101"]
[EventDate "2001.??.??"]

1. e4 e5 2. Bc4 f5 3. d3 Nf6 4. f4 exf4 5. e5 Ng4 6. Bxf4 g5 7. Bc1 Bb4+ 8. Nc3
d6 9. exd6 cxd6 10. Bd2 Kd7 11. Qf3 Re8+ 12. Nge2 Bxc3 13. bxc3 Kc7 14. Bb5 Nc6
15. h3 Nge5 16. Qh5 f4 17. d4 Nd7 18. Qxh7 Re7 19. Qh5 Qg8 20. h4 gxh4 21. Bxf4
Qxg2 22. O-O-O Qg8 23. d5 Nce5 24. Qxh4 Rf7 25. Rdg1 Qf8 26. Bh6 Qh8 27. Qb4
Nf6 28. Bf4 Qf8 29. Bxe5 dxe5 30. d6+ Kb8 31. Rg5 a6 32. Ba4 a5 33. Qc5 Ne4 34.
Qxe5 Qxd6 35. Qxe4 Qa3+ 36. Kb1 Ra6 37. Qe5+ Rc7 38. Rh8 Rb6+ 39. Bb3 Rd6 40.
Nd4 b6 41. Rxc8+ Rxc8 42. Nb5 Qc5 43. Qg3 Qc6 44. Nxd6 Qh1+ 45. Kb2 Qc6 46.
Nxc8+ Kxc8 47. Rg7 Qd7 48. Be6 a4 49. Bxd7+ Kb7 50. Bb5+ Kc8 51. Qc7# {
Hossa checkmated} 1-0

[Event "ICS rated blitz match"]
[Site "204.178.125.65"]
[Date "2001.01.29"]
[Round "?"]
[White "Hossa"]
[Black "Amateur"]
[Result "1-0"]
[WhiteElo "2527"]
[BlackElo "2484"]
[PlyCount "71"]
[EventDate "2001.??.??"]

1. e4 e5 2. Bc4 Nf6 3. d3 c6 4. Nf3 d5 5. Bb3 Bd6 6. O-O dxe4 7. dxe4 Nxe4 8.
Re1 f5 9. Nbd2 Bc7 10. Nxe5 Bxe5 11. Rxe4 Nd7 12. Re1 Kf8 13. Nf3 Bc7 14. Bg5
Nf6 15. Qe2 Bd6 16. Rad1 Qc7 17. Bxf6 gxf6 18. Qd2 Bxh2+ 19. Nxh2 Kg7 20. Qb4
Kg6 21. Qh4 Rd8 22. Bf7+ Kg7 23. Rxd8 Qxd8 24. Nf3 f4 25. Bb3 Bd7 26. Qxf4 Be8
27. Nd4 Bd7 28. Qd6 Bg4 29. Re7+ Kg6 30. Bf7+ Kg7 31. Bd5+ Qxe7 32. Qxe7+ Kg6
33. Bf7+ Kg7 34. Be8+ Kg8 35. Qf7+ Kh8 36. Qf8# {Amateur checkmated} 1-0

[Event "ICS rated blitz match"]
[Site "204.178.125.65"]
[Date "2001.01.29"]
[Round "?"]
[White "Amateur"]
[Black "Hossa"]
[Result "0-1"]
[WhiteElo "2487"]
[BlackElo "2541"]
[PlyCount "134"]
[EventDate "2001.??.??"]

1. Nf3 d5 2. d4 Nf6 3. c4 e6 4. g3 dxc4 5. Qa4+ Nc6 6. Qxc4 Bb4+ 7. Bd2 Qd5 8.
Qd3 Qe4 9. Qxe4 Nxe4 10. Bxb4 Nxb4 11. Na3 O-O 12. Bg2 f6 13. Nh4 Nd6 14. O-O
Bd7 15. Rfc1 c6 16. Nc4 Nxc4 17. Rxc4 a5 18. b3 g5 19. Nf3 Kg7 20. Nd2 Nd5 21.
Ne4 Rfd8 22. a3 Nb6 23. Rcc1 Kg6 24. Rc5 Be8 25. e3 f5 26. Nd2 Nd7 27. Rcc1 e5
28. Nc4 exd4 29. exd4 Nf6 30. Rd1 Bf7 31. Ne5+ Kg7 32. Rab1 Rd6 33. b4 a4 34.
b5 Bb3 35. bxc6 bxc6 36. Rd3 Nd5 37. Rd2 Nc3 38. Rbb2 Rc8 39. Bf1 Rcd8 40. Bg2
c5 41. Nc6 Re8 42. Na5 Re1+ 43. Bf1 c4 44. f4 Ne4 45. Re2 Ra1 46. g4 c3 47.
Rxb3 axb3 48. Nxb3 Rxa3 49. gxf5 Rxb3 50. Rxe4 Rb1 51. Re7+ Kf6 52. Rc7 Rxd4
53. fxg5+ Kxg5 54. h4+ Rxh4 55. Kg2 Rg4+ 56. Kh3 h5 57. Bg2 Rg1 58. Rxc3 R1xg2
59. f6 Rg1 60. Rc5+ Kxf6 61. Rxh5 Rg5 62. Rxg5 Rxg5 63. Kh4 Kf5 64. Kh3 Kf4 65.
Kh4 Re5 66. Kh3 Re2 67. Kh4 Rh2# {Amateur checkmated} 0-1

[Event "ICS rated blitz match"]
[Site "204.178.125.65"]
[Date "2001.01.29"]
[Round "?"]
[White "Hossa"]
[Black "monsoon"]
[Result "1/2-1/2"]
[WhiteElo "2549"]
[BlackElo "2567"]
[PlyCount "204"]
[EventDate "2001.??.??"]

1. e4 e5 2. Bc4 Nc6 3. Nf3 Nf6 4. d3 Bc5 5. O-O d6 6. Be3 Bxe3 7. fxe3 Na5 8.
Bb5+ c6 9. Ba4 b5 10. b4 bxa4 11. bxa5 Qxa5 12. c4 O-O 13. Qc1 Rb8 14. c5 Ba6
15. Rd1 Qc7 16. Nc3 dxc5 17. Nxa4 c4 18. Nc5 Qa5 19. Nxa6 Qxa6 20. Nxe5 cxd3
21. Nxc6 Rb6 22. Ne7+ Kh8 23. Qc3 Rd8 24. Nd5 Nxe4 25. Qxd3 Qxd3 26. Rxd3 Rb5
27. Rad1 Rbb8 28. g4 f6 29. Rd4 Ng5 30. Kg2 Rb2+ 31. R1d2 Rdb8 32. Rxb2 Rxb2+
33. Kg3 h6 34. Ra4 Rb7 35. h4 Nf7 36. e4 Ne5 37. Rb4 Rxb4 38. Nxb4 Kg8 39. a4
g5 40. hxg5 hxg5 41. a5 Kf7 42. a6 Ke6 43. Nd5 Nd7 44. Nc7+ Ke5 45. Kf3 Kd4 46.
Nb5+ Kd3 47. Nxa7 Nb8 48. Nc8 Nxa6 49. Nb6 Nc5 50. Nd5 Nd7 51. Nf4+ Kc4 52. Ne6
Ne5+ 53. Kg3 Kd3 54. Nc7 Kxe4 55. Ne8 Nd7 56. Nd6+ Kd4 57. Nf5+ Kd5 58. Ne7+
Ke6 59. Nf5 Ne5 60. Ng7+ Kd6 61. Ne8+ Ke7 62. Ng7 Kf8 63. Nf5 Kf7 64. Nd4 Ke7
65. Nf5+ Kd7 66. Ng7 Kc6 67. Kh3 Kd5 68. Ne8 Ke6 69. Nc7+ Kd6 70. Nb5+ Kc5 71.
Nc7 Nd7 72. Kg3 Kc4 73. Ne8 Kd4 74. Kf3 Kd3 75. Nc7 Ne5+ 76. Kg3 Kc4 77. Ne8
Nd7 78. Kf2 Kd3 79. Kg3 Ke2 80. Kg2 Ke3 81. Kg3 Kd3 82. Nd6 Nc5 83. Kf3 Nb3 84.
Ne8 Nd2+ 85. Kg2 Ne4 86. Ng7 Ke3 87. Nh5 Kd4 88. Kf3 Kd3 89. Ng7 Nc5 90. Ne8 f5
91. gxf5 g4+ 92. Kxg4 Ne4 93. Nc7 Nc5 94. Kf4 Nb7 95. f6 Nd8 96. Kf5 Ke2 97.
Ne6 Nf7 98. Nc5 Nd8 99. Ke4 Nf7 100. Kd5 Ke3 101. Ke6 Ng5+ 102. Ke7 Nf3 {
Hossa ran out of time and monsoon has no material to mate} 1/2-1/2

[Event "ICS rated blitz match"]
[Site "204.178.125.65"]
[Date "2001.01.29"]
[Round "?"]
[White "monsoon"]
[Black "Hossa"]
[Result "1-0"]
[WhiteElo "2566"]
[BlackElo "2550"]
[PlyCount "137"]
[EventDate "2001.??.??"]

1. d4 d5 2. c4 e6 3. Nf3 Nf6 4. g3 Be7 5. Bg2 O-O 6. O-O dxc4 7. Ne5 c5 8. e3
Qc7 9. Qe2 Rd8 10. Nc3 cxd4 11. exd4 Nc6 12. Nxc6 bxc6 13. Qxc4 Bd7 14. Rb1
Rab8 15. Bf4 Bd6 16. Bg5 Rb4 17. Qd3 Be7 18. a3 Rb3 19. Qc2 Rdb8 20. Na4 R3b5
21. Nc5 Bxc5 22. dxc5 Ng4 23. Be4 g6 24. h3 f6 25. Bxg6 hxg6 26. Qxg6+ Kf8 27.
Bh4 Be8 28. Qxg4 Qe7 29. Qf3 Kg7 30. b4 a5 31. Rb3 axb4 32. Qg4+ Bg6 33. Rf3
Rf8 34. axb4 Qe8 35. Kh2 f5 36. Qd4+ e5 37. Qc3 Kg8 38. Re3 e4 39. Rd1 Qf7 40.
Rd6 Rc8 41. f3 Bh7 42. Bf6 Qa2+ 43. Rd2 Qe6 44. fxe4 fxe4 45. g4 Bg6 46. Qd4
Rf8 47. g5 Rb7 48. Rg3 Rh7 49. Qd6 Qf5 50. Qxc6 Rhf7 51. Bd4 Rc8 52. Qa6 e3 53.
Bxe3 Rcf8 54. Bd4 Qb1 55. Rb2 Qf5 56. b5 Rd8 57. Bf6 Rdf8 58. c6 Qf1 59. Qa4
Bf5 60. b6 Re8 61. c7 Re2+ 62. Rxe2 Qxe2+ 63. Rg2 Qd3 64. Qa8+ Rf8 65. Qa2+ Kh7
66. g6+ Bxg6 67. c8=Q Qd6+ 68. Rg3 Rxc8 69. Qa7+ {Hossa resigns} 1-0

[Event "ICS Rated blitz match"]
[Site "204.178.125.65"]
[Date "2001.01.29"]
[Round "?"]
[White "Hossa"]
[Black "ChesterX"]
[Result "0-1"]
[WhiteElo "2535"]
[BlackElo "2603"]
[PlyCount "109"]
[EventDate "2001.??.??"]

1. e4 e5 2. Bc4 Nf6 3. d3 Bc5 4. Nc3 d6 5. f4 Nc6 6. fxe5 Bg4 7. Nf3 Nxe5 8.
Bb3 O-O 9. h3 Nxf3+ 10. gxf3 Be6 11. d4 Bb4 12. d5 Bxc3+ 13. bxc3 Bd7 14. h4 c6
15. c4 a5 16. c3 a4 17. Bc2 cxd5 18. cxd5 Nh5 19. Rb1 b5 20. Qd4 f5 21. Bg5 Qc7
22. Bd3 Rac8 23. Bd2 fxe4 24. fxe4 Rce8 25. Rg1 Kh8 26. Bh6 Re5 27. Bd2 Nf4 28.
Bxf4 Rxf4 29. Rf1 Rxf1+ 30. Kxf1 Qd8 31. Qf2 Rh5 32. Ke2 Qe7 33. Kd2 Rxh4 34.
Bxb5 Bxb5 35. Rxb5 h5 36. Qf5 Qe8 37. Rb4 Rh2+ 38. Kd3 Rxa2 39. Rc4 Qb5 40.
Qf8+ Kh7 41. Qxd6 Qb1+ 42. Kd4 a3 43. Qf4 Qg1+ 44. Ke5 Rf2 45. Qh4 Qg6 46. Rc7
a2 47. Ra7 Rg2 48. Kd4 Rg4 49. Qe7 Qb6+ 50. Kc4 Qb1 51. Qa3 Qxe4+ 52. Kc5 Qc4+
53. Kb6 Rg6+ 54. Kb7 Qxd5+ 55. Kc8 {Hossa resigns} 0-1

[Event "ICS rated standard match"]
[Site "204.178.125.65"]
[Date "2001.01.29"]
[Round "?"]
[White "monsoon"]
[Black "Hossa"]
[Result "1/2-1/2"]
[WhiteElo "2237"]
[BlackElo "2318"]
[PlyCount "127"]
[EventDate "2001.??.??"]

1. d4 Nf6 2. c4 e6 3. Nf3 d5 4. Bg5 Bb4+ 5. Nc3 Bxc3+ 6. bxc3 Nbd7 7. e3 h6 8.
Bxf6 Nxf6 9. Bd3 dxc4 10. Bxc4 O-O 11. a4 b6 12. O-O Bb7 13. a5 bxa5 14. Rxa5
Ne4 15. Qa1 Nd6 16. Be2 a6 17. Ne5 Qc8 18. c4 Ne4 19. Qa3 Nf6 20. c5 c6 21. Ra1
Nd7 22. Nc4 Qc7 23. Nd6 Nb8 24. Nxb7 Qxb7 25. Bxa6 Nxa6 26. Rxa6 Rxa6 27. Qxa6
Qd7 28. Qb6 Rc8 29. Ra7 Qe8 30. Qb1 Rb8 31. Rb7 Ra8 32. e4 g5 33. Qb2 Kh7 34.
Qc3 Kg6 35. e5 Ra2 36. h3 Qa8 37. Rb6 Ra3 38. Qc2+ Kg7 39. Qe4 Qa4 40. Rxc6
Qd1+ 41. Kh2 Qd2 42. f3 h5 43. Rc7 Ra1 44. d5 Re1 45. Rxf7+ Kxf7 46. Qh7+ Kf8
47. Qh6+ Ke7 48. Qxe6+ Kd8 49. Qg8+ Kc7 50. Qf7+ Kb8 51. Qe8+ Ka7 52. Qa4+ Kb8
53. Qb5+ Kc8 54. Qe8+ Kb7 55. Qc6+ Kb8 56. Qd6+ Ka8 57. Qd8+ Ka7 58. Qc7+ Ka8
59. Qc6+ Kb8 60. Qb6+ Kc8 61. Qa6+ Kb8 62. Qb6+ Kc8 63. Qc6+ Kb8 64. Qb6+ {
Game drawn by repetition} 1/2-1/2

[Event "ICS rated standard match"]
[Site "204.178.125.65"]
[Date "2001.01.29"]
[Round "?"]
[White "Hossa"]
[Black "ChesterX"]
[Result "0-1"]
[WhiteElo "2314"]
[BlackElo "2524"]
[PlyCount "100"]
[EventDate "2001.??.??"]

1. e4 c6 2. d4 d5 3. Nd2 dxe4 4. Nxe4 Bf5 5. Ng3 Bg6 6. h4 h6 7. Nh3 Nf6 8. c3
e6 9. Nf4 Bh7 10. Bd3 Bd6 11. Bxh7 Rxh7 12. Nd3 Bxg3 13. fxg3 Qd5 14. O-O Nbd7
15. Rf3 g5 16. Qf1 Ne4 17. Nb4 Qa5 18. Qe2 f5 19. Nd3 O-O-O 20. b4 Qd5 21. Nf2
Rg7 22. h5 g4 23. Re3 Ndf6 24. Qc2 Qd6 25. Nxe4 Nxe4 26. Qb3 Re8 27. b5 Rc7 28.
b6 axb6 29. Qxb6 Nxg3 30. Rb1 Nxh5 31. Bb2 Ng3 32. a4 f4 33. Re5 Qd8 34. Bc1
Qf6 35. Kf2 Nh1+ 36. Kg1 f3 37. gxf3 gxf3 38. Bg5 hxg5 39. Qa5 g4 40. Kf1 Qh4
41. Rb2 g3 42. Ree2 f2 43. Qa8+ Kd7 44. Qxe8+ Kxe8 45. Rxe6+ Re7 46. Ke2 Rxe6+
47. Kd3 f1=Q+ 48. Kc2 Qc4 49. a5 Qh2+ 50. Kc1 Re1# {Hossa checkmated} 0-1

[Event "ICS Rated standard match"]
[Site "204.178.125.65"]
[Date "2001.01.29"]
[Round "?"]
[White "diep"]
[Black "Hossa"]
[Result "1-0"]
[WhiteElo "2476"]
[BlackElo "2307"]
[PlyCount "191"]
[EventDate "2001.??.??"]

1. d4 Nf6 2. c4 e6 3. Nc3 Bb4 4. Qc2 O-O 5. a3 Bxc3+ 6. Qxc3 b6 7. Bg5 Bb7 8.
f3 h6 9. Bh4 d5 10. e3 Nbd7 11. Nh3 c5 12. cxd5 exd5 13. Bb5 Ne4 14. Bxd8 Nxc3
15. bxc3 Rfxd8 16. Kd2 Rac8 17. Nf4 Nf6 18. Rab1 g6 19. Nd3 cxd4 20. cxd4 a6
21. Ba4 Rd6 22. Rhc1 Kg7 23. Nc5 bxc5 24. dxc5 Rdc6 25. Rxb7 Rxc5 26. Rc2 Rxc2+
27. Bxc2 Rd8 28. Rb6 d4 29. e4 a5 30. Rc6 Nh5 31. g3 Nf6 32. Rc5 Nh7 33. h4 Nf6
34. g4 Ra8 35. Kd3 Nd7 36. Rd5 Nf8 37. Kxd4 Ne6+ 38. Ke3 a4 39. Rd3 g5 40. hxg5
hxg5 41. Rc3 Nf4 42. Rc5 Kh6 43. Rc7 Kg7 44. Rc3 Kf6 45. Rc6+ Kg7 46. Rd6 Ne6
47. Kd2 Kf8 48. Rd7 Kg7 49. Bd3 Nc5 50. Rd5 Ne6 51. Bb5 Kf6 52. Kc3 Nf4 53.
Rd6+ Ke5 54. Rd7 f6 55. Kb4 Ke6 56. Rc7 Ke5 57. Kc3 Ng2 58. Rc5+ Ke6 59. Bc4+
Kd6 60. Rf5 Rf8 61. e5+ Ke7 62. Kb4 fxe5 63. Rxe5+ Kd6 64. Rd5+ Ke7 65. Rxg5
Rxf3 66. Kxa4 Ne3 67. Be2 Rf4+ 68. Kb3 Kf6 69. Rg8 Kf7 70. Rc8 Nxg4 71. a4 Ne5
72. a5 Kg6 73. a6 Rf7 74. Kb4 Kf5 75. Kc5 Kf4 76. Bb5 Rg7 77. Kb6 Rg6+ 78. Bc6
Rg7 79. a7 Nc4+ 80. Ka6 Rxa7+ 81. Kxa7 Ke3 82. Rd8 Ne5 83. Kb6 Nd3 84. Bb7 Nf4
85. Re8+ Kd3 86. Kc5 Kd2 87. Ba6 Kc3 88. Re3+ Kd2 89. Kd4 Ng6 90. Re4 Kc2 91.
Bc4 Kd2 92. Bd3 Nf8 93. Re2+ Kd1 94. Rb2 Nd7 95. Ke3 Nf6 96. Rb1# {
Hossa checkmated} 1-0

[Event "ICS rated blitz match"]
[Site "204.178.125.65"]
[Date "2001.01.29"]
[Round "?"]
[White "Hossa"]
[Black "Mazetakos"]
[Result "1-0"]
[WhiteElo "2524"]
[BlackElo "1908"]
[PlyCount "29"]
[EventDate "2001.??.??"]

1. e4 c6 2. d4 d5 3. exd5 cxd5 4. Bd3 g6 5. Nf3 Bg7 6. O-O Nf6 7. Bf4 Nc6 8. c3
O-O 9. Na3 a6 10. Nc2 Bg4 11. h3 Bxf3 12. Qxf3 Rc8 13. Ne3 Na5 14. Bg5 e6 15.
Ng4 {Mazetakos resigns} 1-0

[Event "ICS unrated blitz match"]
[Site "204.178.125.65"]
[Date "2001.01.29"]
[Round "?"]
[White "diep"]
[Black "Hossa"]
[Result "1-0"]
[WhiteElo "2836"]
[BlackElo "2525"]
[PlyCount "201"]
[EventDate "2001.??.??"]

1. e4 e5 2. Nf3 Nc6 3. Bb5 a6 4. Ba4 Nf6 5. O-O Be7 6. Re1 b5 7. Bb3 O-O 8. c3
d6 9. h3 Nb8 10. d4 Nbd7 11. Nbd2 Bb7 12. Bc2 Re8 13. Nf1 Bf8 14. Ng3 g6 15. a4
exd4 16. cxd4 bxa4 17. Bf4 Nb6 18. Bg5 h6 19. Bf4 Bg7 20. Bd3 Rc8 21. Qc1 g5
22. Bd2 c5 23. d5 Rb8 24. Nf5 Bf8 25. h4 Bc8 26. hxg5 hxg5 27. Bxg5 Bxf5 28.
Qf4 Bg7 29. Qxf5 Qc8 30. Qxc8 Nxc8 31. Rxa4 Rxb2 32. Rxa6 Rb3 33. Bc4 Rb4 34.
Nd2 Nh7 35. Bf4 Nb6 36. Bd3 Bc3 37. Rd1 Bxd2 38. Rxd2 Rd8 39. Rda2 Nf6 40. Bg5
Kg7 41. f3 c4 42. Bc2 c3 43. Be3 Rb8 44. Kf2 Nfd7 45. Ra7 Ne5 46. R2a3 Rc8 47.
Ke1 Rb2 48. Ra2 Kg6 49. f4 Ng4 50. Bd4 Rb4 51. Bg1 Re8 52. Kd1 Nc4 53. Ke2 Nf6
54. e5+ Kg7 55. e6 Rf8 56. Bd4 Nb6 57. Bxc3 Rxf4 58. Bb3 Kg6 59. R2a5 Re4+ 60.
Kf3 fxe6 61. dxe6 d5 62. Bc2 Rc8 63. Ra3 Nc4 64. Ra2 Nd6 65. Ba1 Rxc2 66. Rxc2
Rxe6 67. Rcc7 Nf5 68. Bxf6 Kxf6 69. Rf7+ Ke5 70. g4 Nd4+ 71. Kg3 Rg6 72. Rae7+
Ne6 73. Rd7 Rg5 74. Rfe7 Rg8 75. Ra7 Kd6 76. Rf7 Nc5 77. Kf3 d4 78. Rf6+ Ke5
79. Rf5+ Kd6 80. g5 d3 81. Ra5 d2 82. Ke2 Nb3 83. Rf6+ Kc7 84. Ra7+ Kb8 85. Re7
Kc8 86. g6 Rd8 87. Rc6+ Kb8 88. Rb6+ Kc8 89. Kd1 Nd4 90. Rf7 Ne2 91. Rc6+ Kb8
92. Rc2 Nd4 93. Rxd2 Rh8 94. Rxd4 Rh1+ 95. Ke2 Kc8 96. g7 Rg1 97. Rh4 Rg2+ 98.
Kf3 Rd2 99. Rh8+ Rd8 100. Rxd8+ Kxd8 101. g8=Q# {Hossa checkmated} 1-0

[Event "ICS Rated standard match"]
[Site "204.178.125.65"]
[Date "2001.01.29"]
[Round "?"]
[White "Hossa"]
[Black "PowerChess"]
[Result "1/2-1/2"]
[WhiteElo "2298"]
[BlackElo "2618"]
[PlyCount "196"]
[EventDate "2001.??.??"]

1. e4 c5 2. c3 Nf6 3. e5 Nd5 4. g3 d6 5. exd6 e6 6. d4 Bxd6 7. c4 Ne7 8. dxc5
Bxc5 9. Qxd8+ Kxd8 10. Nc3 Nbc6 11. Be3 Bxe3 12. fxe3 Nf5 13. Rd1+ Bd7 14. e4
Ne3 15. Rd3 Nxf1 16. Kxf1 Ne5 17. Rd4 Ke7 18. Kf2 Rac8 19. b3 f5 20. Nf3 Ng4+
21. Ke2 fxe4 22. Rxe4 Nf6 23. Rd4 Rc5 24. b4 Rf5 25. Rf4 Rh5 26. g4 Rh3 27. Nd1
Rc8 28. b5 Rxf3 29. Rxf3 Rxc4 30. g5 Nd5 31. Rb3 Rc2+ 32. Kf3 Rxa2 33. Nf2 Nc7
34. Rhb1 Ra5 35. b6 axb6 36. Rxb6 Rxg5 37. R6b4 Rf5+ 38. Kg3 b5 39. Rg4 g6 40.
Nd3 h5 41. Rd4 g5 42. Re1 Bc6 43. Ne5 Bd5 44. Rd2 b4 45. h3 b3 46. Kh2 Nb5 47.
Ng4 Kd7 48. Ne3 Re5 49. Rd3 Ke8 50. Red1 b2 51. Nxd5 exd5 52. Rb3 Re2+ 53. Kg3
Nd6 54. Rb8+ Kd7 55. Kf3 Rh2 56. Rxd5 Kc6 57. Rd4 Kc7 58. Rbb4 h4 59. Kg4 Rg2+
60. Kh5 Ne8 61. Rdc4+ Kd7 62. Rb7+ Kd6 63. Kg6 Kd5 64. Rcb4 b1=Q+ 65. Rxb1 g4
66. R7b5+ Kc6 67. Rb6+ Kd7 68. hxg4 Rxg4+ 69. Kf5 Rd4 70. Rh6 Nd6+ 71. Kf6 Ra4
72. Rd1 Kc7 73. Kg6 Rc4 74. Rh1 Kc6 75. Kh5 Kc5 76. Rh8 Kd5 77. Rd8 Rd4 78. Ra8
Ke5 79. Ra5+ Rd5 80. Rxd5+ Kxd5 81. Kg5 Ke5 82. Re1+ Kd4 83. Kg4 h3 84. Kf4 Nf7
85. Rd1+ Kc4 86. Ke4 Kc5 87. Rc1+ Kd6 88. Kf4 Kd5 89. Kf5 Nh6+ 90. Kg5 Nf7+ 91.
Kf6 Nd6 92. Rd1+ Ke4 93. Re1+ Kf4 94. Ke6 Nb5 95. Rf1+ Kg4 96. Kd7 h2 97. Rh1
Kg3 98. Rxh2 Kxh2 {Game drawn because neither player has mating material}
1/2-1/2

[Event "ICS rated blitz match"]
[Site "204.178.125.65"]
[Date "2001.01.29"]
[Round "?"]
[White "PostModernist"]
[Black "Hossa"]
[Result "1-0"]
[WhiteElo "2659"]
[BlackElo "2525"]
[PlyCount "87"]
[EventDate "2001.??.??"]

1. d4 Nf6 2. c4 g6 3. Nc3 d5 4. Nf3 Bg7 5. Qb3 dxc4 6. Qxc4 O-O 7. Bf4 Na6 8.
e4 c6 9. O-O-O Be6 10. Qa4 Nc7 11. Be2 Nh5 12. Bg5 Qd6 13. g3 Bg4 14. h3 Bxf3
15. Bxf3 Ne6 16. Be3 Rfd8 17. e5 Qc7 18. Qc2 Bh8 19. Bxh5 gxh5 20. f4 Qb6 21.
Qd3 Qb4 22. d5 Nc7 23. d6 exd6 24. Qf5 Nb5 25. Nxb5 Qxb5 26. Rh2 Qa5 27. Qg5+
Bg7 28. exd6 Qxa2 29. Bd4 f6 30. Bxf6 Rd7 31. Re2 h4 32. Re7 Qa1+ 33. Kd2 Rxd6+
34. Ke3 Rd3+ 35. Rxd3 Qe1+ 36. Kf3 Qxg3+ 37. Qxg3 hxg3 38. Rxg7+ Kf8 39. Rxh7
g2 40. Kxg2 Re8 41. Rdd7 Re2+ 42. Kf3 Re7 43. Rhxe7 Kg8 44. Rd8# {
Hossa checkmated} 1-0